| 000 | 00779nam a22002417a 4500 | ||
|---|---|---|---|
| 999 |
_c1133 _d1133 |
||
| 001 | 001408 | ||
| 003 | CoMeUDC001408 | ||
| 005 | 20190131235012.0 | ||
| 008 | 130821s2000 mx gr spa | ||
| 020 | _a9687681616 | ||
| 040 |
_aCo-BoUCM _bspa _cCoMeUDC |
||
| 041 | 0 | 0 | _aspa |
| 082 | 0 | 4 |
_a658.001 _220 _bR467 |
| 100 | 1 | _aReza Trosino, Juan Carlos | |
| 245 | 1 | 3 |
_aEl empresario hábil / _cJuan Carlos Reza Trosino. |
| 260 |
_aMéxico D.F. (México) : _bEcafsa, _c2000. |
||
| 300 | _a2 volúmenes ; | ||
| 505 | _aV.1: Habilidades gerenciales. -- V.2: 450 ideas efectivas de habilidad gerencial. | ||
| 650 | 0 | 4 |
_aAdministración de empresas _9435 |
| 650 | 0 | 4 |
_aEficiencia _913918 |
| 650 | 0 | 4 |
_aLiderazgo _918533 |
| 942 |
_cBK _a16 _e1 _mR467e _2ddc _h658.4094 |
||